01014nam a2200313 a 4500003000900000005001700009008004100026020001800067040001300085100002100098245006800119260004200187300001600229490001600245504005600261650001400317650001500331650003000346650003200376650002400408650002600432650002300458653002700481653003300508700003400541700003800575700004500613800004200658AR-BaBNM20251128205508.0082120s2002 ||||||||||||||000 | spa|| a950-808-060-4 cAR-BaBNM1 aBombini, Gustavo00aOtras tramasbsobre la enseñanza de la lengua y la literatura aRosariobHomo Sapiens Edicionesc1995 a111 p.bil. 0aEducación aContiene bibliografía al final de cada capítulo 4aESCRITURA 4aLITERATURA 4aENSEÑANZA DE LA LECTURA 4aENSEÑANZA DE LA ESCRITURA 4aLITERATURA NACIONAL 4aAPRECIACION LITERARIA 4aGENEROS LITERARIOS aENSENANZA DE LA LENGUA aENSEÑANZA DE LA LITERATURA1 aLópez, Claudiaecolaborador1 aKrickeberg, Gabrielaecolaborador1 aAvendaño, Fernando Carloseprologuista1 aAvendaño, Fernando Carlosedirector